000 00613nam a22001817a 4500
008 160920b xxu||||| |||| 00| 0 eng d
020 _a0787630713
020 _a9780787630713
050 _aQA 28
_b.N66 1997
100 _aYoung, Robyn V.
245 _aNotable mathematicians :
_bfrom ancient times to the present/
_cRobyn V. Young and Zoran Minderovic.
260 _aDetroit :
_bGale ,
_cc1998.
300 _axxi, 612p. :
_bill. ;
500 _aIncludes bibliography and index.
650 _aMathematicians
_xbiography.
700 _aMinderovic, zoran
942 _2lcc
_cBOOKS
_hQA 28 .N66 1997
999 _c13828
_d13828